[Event "Match Czechia vs Poland 2020"]
[Site "Zlin"]
[Date "2020.09.14"]
[Round "1.1"]
[White "Piorun, Kacper"]
[Black "Nguyen, Thai Dai Van"]
[Result "1/2-1/2"]
[WhiteElo "2596"]
[BlackElo "2569"]
[Annotator "TA"]
[PlyCount "90"]
[EventDate "2020.09.14"]
[EventType "schev"]
[EventCountry "CZE"]
[SourceTitle "playchess.com"]
[Source "ChessBase"]
[SourceQuality "1"]
[WhiteTeam "Poland"]
[BlackTeam "Czech Republic"]
[WhiteTeamCountry "POL"]
[BlackTeamCountry "CZE"]

{[%evp 16,90,0,11,22,0,5,0,0,-7,0,-11,0,-21,-30,-32,-21,-23,-33,-33,-30,-22,-23,-22,-11,-28,-19,-20,-26,-27,-8,-68,-68,-72,-72,-170,-166,-160,-31,-35,-33,-28,-28,-28,-31,-34,-23,-23,-23,-25,-24,-24,-24,-24,-24,-24,-24,-28,-28,-28,-28,-30,-28,-28,-28,-32,-20,-20,-20,-20,-20,-20,-20,-20,0,0,0]} 1. d4 Nf6 2. c4 e6 3. Nf3 d5 4. g3 Bb4+ 5. Bd2 Be7 6. Bg2 O-O 7. O-O Nbd7 8. Qc2 c6 9. Rd1 a5 {E11: Bogo-Indian.} 10. b3 b5 11. Bg5 Ba6 {[%cal Rb5c4]} 12. Nbd2 bxc4 13. bxc4 Rc8 14. Bxf6 Nxf6 {[#]} 15. e3 $146 ({Predecessor:} 15. Qa4 c5 16. Rac1 cxd4 17. Nxd4 Bb4 18. N4f3 Qe7 19. Bf1 Nd7 20. e3 Nb6 21. Qb3 dxc4 22. Bxc4 {0-1 (38) Palozza,C (2237)-Haug,J (2403) Lisbon 2019}) 15... c5 16. Qa4 $1 cxd4 17. Nxd4 Bb4 18. cxd5 $1 Nxd5 19. Ne4 Qe8 (19... Nb6 {looks sharper.} 20. Qb3 Bc4 21. Qb1 Nd5 22. a3 Be7) 20. Qxe8 Rfxe8 21. a3 Bf8 22. Rdb1 a4 23. Nb5 ({White should play} 23. Nd6 $11) 23... Red8 $15 24. Bf1 h6 25. Rc1 (25. g4 $17) 25... Rxc1 $19 26. Rxc1 f5 (26... Bxb5 $1 $17 27. Bxb5 Bxa3) 27. Nec3 $15 Rc8 {[#] White must now prevent ...Bxb5.} 28. Ne2 Rxc1 29. Nxc1 Kf7 30. Na2 Bc8 31. Nac3 Nb6 32. Bd3 Bd7 33. Bc2 g5 34. Nxa4 Bxb5 35. Nxb6 Bxa3 $11 {[%mdl 4096] Endgame KBB-KBN} 36. Na4 Kf6 37. Nc3 Bc6 38. f4 Bc5 39. Kf2 e5 {...exf4 is the strong threat.} 40. Ne2 Bb5 41. fxe5+ {The position is equal.} Kxe5 {[#]} 42. Nd4 $1 {[%mdl 512]} Bd7 (42... Bxd4 43. exd4+) 43. Nf3+ Kf6 {Strongly threatening ...f4.} 44. Ke2 h5 45. h4 g4 {Accuracy: White = 90%, Black = 92%.} 1/2-1/2

[Event "Match Czechia vs Poland 2020"]
[Site "Zlin"]
[Date "2020.09.14"]
[Round "1.2"]
[White "Kriebel, Tadeas"]
[Black "Nasuta, Grzegorz"]
[Result "1/2-1/2"]
[WhiteElo "2519"]
[BlackElo "2553"]
[Annotator "TA"]
[PlyCount "121"]
[EventDate "2020.09.14"]
[EventType "schev"]
[EventCountry "CZE"]
[SourceTitle "playchess.com"]
[Source "ChessBase"]
[SourceQuality "1"]
[WhiteTeam "Czech Republic"]
[BlackTeam "Poland"]
[WhiteTeamCountry "CZE"]
[BlackTeamCountry "POL"]

{[%evp 26,121,16,18,28,37,25,33,39,26,30,45,40,41,31,38,32,31,37,43,42,43,36,32,31,37,32,38,39,52,35,19,11,20,12,18,22,16,18,0,10,5,18,0,0,0,0,0,0,0,0,-17,-17,-29,-34,-33,-12,-12,-12,-12,-12,-12,-12,-12,-12,-14,-29,-29,-4,-15,0,0,0,0,0,0,0,0,0,0,0,0,0,0,0,0,0,0,0,0,0,0,0,0,0,0,0,0]} 1. e4 e5 2. Nf3 Nc6 3. Bb5 a6 4. Ba4 Nf6 5. O-O Be7 6. Re1 b5 7. Bb3 O-O 8. c3 d5 9. exd5 Nxd5 10. Nxe5 Nxe5 11. Rxe5 c6 12. d3 Bd6 13. Re1 Bf5 $1 {13...Bf5 is better than 13...Qh4.} 14. Qf3 Re8 {C89: Closed Ruy Lopez: Marshall Attack.} 15. Rxe8+ Qxe8 {[%cal Re8e1]} 16. Nd2 Qe1+ {White is slightly better.} 17. Nf1 Bg6 18. g3 b4 19. c4 Nf6 {Strongly threatening ...Bc5.} 20. Qxc6 {[%mdl 64] [#] Double Attack} Rd8 21. Qb6 Rd7 22. Bc2 Ng4 23. Rb1 {Be3 is the strong threat.} Qe2 24. Bd2 Ne5 $5 {[%mdl 4] Leaves trodden paths.} 25. Qe3 ({Avoid the trap} 25. Bxb4 $2 Nf3+ 26. Kg2 Qxc2 $19) ({Don't go for} 25. Qxa6 $2 Bf8 $17) 25... Qh5 26. Bd1 Qf5 $1 27. Be2 {And now Re1 would win.} f6 28. b3 Bc5 $1 {[%cal Rc5e3]} 29. Qf4 Qxf4 30. Bxf4 Nxd3 {[#]} 31. Be3 $146 ({Predecessor:} 31. Bxd3 Rxd3 32. Re1 Kf7 33. Be3 Bd6 34. Bb6 Be5 35. Bc5 a5 36. f4 Bd6 37. Bxd6 Rxd6 {1-0 (48) Saric,I (2650)-Matlakov,M (2693) Gjakova 2016}) 31... Bxe3 $1 32. Nxe3 Nxf2 $1 33. Re1 Ne4 34. Bf3 Nc5 35. Nd5 a5 36. Bg4 Ra7 37. Rd1 Be4 38. Nb6 f5 39. Be2 Kf7 40. Kf2 $1 Ke6 41. Bf3 a4 42. Nxa4 Nxa4 43. bxa4 Bxf3 44. Kxf3 Rxa4 $11 {[%mdl 4096] Endgame Threatening ...Ra3+. KR-KR} 45. Rd2 Ra3+ 46. Kf4 Rc3 47. Rd4 {The position is equal.} h6 {[%csl Gh6][%cal Rg7g5]} 48. h4 g5+ {[%mdl 64] [#] Decoy} 49. hxg5 hxg5+ 50. Kxg5 Rxg3+ 51. Kf4 Rg4+ 52. Ke3 Rxd4 53. Kxd4 {KPP-KPP} Kd6 54. c5+ Kc6 55. Ke5 Kxc5 56. Kxf5 {KP-KP} Kd5 (56... Kb5 $5 {[%cal Rb5a4]} 57. Ke6 Kc5 $11) 57. Kf6 $1 Kd4 58. Ke6 Kc3 59. Kd5 Kb2 60. Kc4 Kxa2 {( -> ...b3)} 61. Kxb4 {Accuracy: White = 100%, Black = 100%.} 1/2-1/2

[Event "Match Czechia vs Poland 2020"]
[Site "Zlin"]
[Date "2020.09.14"]
[Round "1.3"]
[White "Krejci, Jan"]
[Black "Sadzikowski, Daniel"]
[Result "1/2-1/2"]
[WhiteElo "2543"]
[BlackElo "2527"]
[Annotator "TA"]
[PlyCount "80"]
[EventDate "2020.09.14"]
[EventType "schev"]
[EventCountry "CZE"]
[SourceTitle "playchess.com"]
[Source "ChessBase"]
[SourceQuality "1"]
[WhiteTeam "Czech Republic"]
[BlackTeam "Poland"]
[WhiteTeamCountry "CZE"]
[BlackTeamCountry "POL"]

{[%evp 15,80,18,12,12,20,18,20,14,25,0,0,0,0,10,16,0,10,-13,6,-2,-10,-17,0,-12,-16,-40,-40,-39,-25,-45,-22,-31,-42,-35,-14,-9,-10,-12,0,0,0,0,0,-17,-11,-22,-22,-22,-20,-20,-20,-20,-20,-20,-20,-20,-20,-20,-20,-89,-91,-91,-6,-6,-5,-5,0]} 1. d4 Nf6 2. c4 e6 3. Nc3 d5 4. cxd5 exd5 5. Bg5 c6 6. e3 Be7 7. Bd3 Nbd7 {[%cal Bb8d7,Bd7f8,Bf8e6][%mdl 32]} 8. Nge2 Nf8 {is the new trend.} 9. O-O {D35: Queen's Gambit Declined: Exchange Variation.} Ne6 10. Bh4 O-O 11. f3 g6 12. Kh1 b6 13. Bf2 {[#]} Bb7 $146 ({Predecessor:} 13... c5 14. Qd2 Bb7 15. Rad1 a6 16. Bc2 Re8 17. Rfe1 Rc8 18. dxc5 bxc5 19. Ba4 Rf8 {1-0 (39) Cheparinov,I (2666)-Wang,H (2725) Changsha 2019}) 14. Qd2 Rc8 15. Rae1 c5 16. a3 cxd4 17. exd4 Ne8 18. Be3 Nd6 19. Nf4 Nc7 20. Qf2 Bh4 21. g3 Bf6 22. h4 Qd7 23. g4 Rfe8 24. Kg2 Nc4 25. Bc1 Rxe1 26. Rxe1 Bg7 27. h5 {[%cal Rh5g6]} Re8 28. Rxe8+ Qxe8 29. hxg6 hxg6 30. b3 Na5 31. b4 Nc4 32. Ncxd5 {[%mdl 64] [#] Remove Defender} Nxd5 33. Bxc4 Nxf4+ 34. Bxf4 {Threatening d5.} Qc8 35. Qe2 $1 Qxg4+ 36. Bg3 {Qe8+ is the strong threat.} Qd7 37. d5 (37. Qd3 $11) 37... Bxd5 $17 38. Qd3 {[#]} Be6 (38... Bd4 $1 $17 {[%mdl 512]} 39. Bxd5 (39. Qxd4 Bxf3+) 39... Qxd5) 39. Qxd7 $11 Bxd7 40. b5 $1 Bb2 {Accuracy: White = 91%, Black = 92%.} 1/2-1/2

[Event "Match Czechia vs Poland 2020"]
[Site "Zlin"]
[Date "2020.09.14"]
[Round "1.4"]
[White "Janik, Igor"]
[Black "Stocek, Jiri"]
[Result "0-1"]
[WhiteElo "2470"]
[BlackElo "2595"]
[Annotator "TA"]
[PlyCount "86"]
[EventDate "2020.09.14"]
[EventType "schev"]
[EventCountry "CZE"]
[SourceTitle "playchess.com"]
[Source "ChessBase"]
[SourceQuality "1"]
[WhiteTeam "Poland"]
[BlackTeam "Czech Republic"]
[WhiteTeamCountry "POL"]
[BlackTeamCountry "CZE"]

{[%evp 9,86,8,12,4,5,11,35,25,35,37,48,42,40,50,71,39,61,56,71,60,52,44,89,93,81,98,92,91,96,101,80,72,98,60,48,75,58,15,93,27,94,89,93,25,30,35,30,37,55,29,100,93,371,362,331,170,187,154,121,50,87,0,660,333,401,361,262,170,215,0,0,0,0,0,0,-61,-56,-637,-634]} 1. c4 e5 2. Nc3 Bb4 3. Nd5 a5 4. a3 Bc5 5. Nf3 d6 6. d4 {A21: English Opening: 1...e5 2 Nc3.} exd4 7. Nxd4 {Threatening Nb5.} c6 8. Nc3 $1 {White is slightly better.} (8. Ne3 Nf6 $15) 8... Nf6 9. Bg5 {[#]} Nbd7 $146 ({Predecessor:} 9... h6 10. Bh4 O-O 11. e3 Re8 12. Be2 g5 13. Bg3 d5 14. cxd5 cxd5 15. Ndb5 Na6 {1-0 (31) Ehlvest,J (2614)-Estrada Nieto,J (2332) Sao Paulo 2009}) 10. e3 h6 11. Bh4 Ne5 12. Be2 Qe7 13. O-O g5 14. Bg3 h5 15. h4 Nfg4 16. hxg5 Qxg5 17. Ne4 Qg6 18. Nxc5 dxc5 19. Nf3 $1 Nxf3+ 20. Bxf3 h4 21. Bc7 {[%csl Gc7][%cal Rd1d8]} O-O 22. Qd6 f6 23. Qxc5 Rf7 (23... h3 $11 24. Rfd1 Be6) 24. Rfd1 (24. Bxa5 $2 Ne5 $19) (24. Rad1 $1 $16 {[%cal Rd1d8] Rd8+ is the strong threat.} Be6 25. Rd4) 24... Bf5 (24... Be6 $11 {remains equal.}) 25. Bf4 $16 (25. Bxa5 $2 Ne5 $19) 25... h3 26. Rd2 (26. Rd4 $1 $16) 26... Re8 27. Rad1 $36 {[%mdl 2048] Strongly threatening Rd8. White has good play.} (27. Qxa5 Ne5 $17) 27... Ne5 28. Bxe5 $1 Rxe5 29. Rd8+ Kh7 {[#]} (29... Kg7 $11 {keeps the balance.} 30. Qa7 (30. Qd4 Be4 $17) 30... hxg2) 30. Qd6 $1 {[%cal Rd6b8] aiming for Qb8.} ({And not} 30. Qd4 Be4 $17) 30... Be4 $2 {[%mdl 8192] [#]} (30... Bg4 $16 {was called for.} 31. Qd3 Qxd3 32. R1xd3 (32. R8xd3 Bxf3 33. gxf3 Rg5+ 34. Kh2 Rfg7 $16) 32... Bxf3 33. gxf3 Rg5+ 34. Kh2 Rg2+ 35. Kxh3 Rxf2) 31. Qb8 $1 $18 {Threatening mate with Rh8+.} Qg7 {Threatens to win with ...Bxf3.} 32. Qxe5 (32. Bxe4+ $142 Rxe4 33. g3) 32... fxe5 33. Bxe4+ Kh6 34. R1d6+ (34. g3 $16) 34... Rf6 $14 35. R8d7 ({White should try} 35. R6d7 $16 Rf7 36. Rd6+ Rf6 37. g3 Rxd6 38. Rxd6+ Kh5 39. Re6) 35... Qf8 $2 {[%mdl 8192]} (35... Rxd6 $11 36. Rxd6+ Kh5) 36. c5 {Hoping for Rxf6+.} Kg5 37. gxh3 Qg8 38. Rd8 ({Don't take} 38. Rxb7 $6 Rxd6 39. cxd6 Kf6+ 40. Kh2 Qc4 $16) 38... Qg7 39. Rxf6 $2 (39. Rd1 $18 {Black must now prevent Kh1.} Kh5+ 40. Kh1) 39... Kxf6+ $11 40. Kf1 Qf7 41. Kg2 Qc4 42. Bd3 ({Better is} 42. Rd6+ $11 Ke7 43. Bf5) 42... Qxc5 $15 {And now ...Ke7 would win.} 43. h4 $2 {[%mdl 8192]} (43. Be4 $15) 43... Ke7 {Accuracy: White = 56%, Black = 62%.} 0-1

[Event "Match Czechia vs Poland 2020"]
[Site "Zlin"]
[Date "2020.09.14"]
[Round "1.5"]
[White "Teclaf, Pawel"]
[Black "Babula, Vlastimil"]
[Result "1/2-1/2"]
[WhiteElo "2464"]
[BlackElo "2571"]
[Annotator "TA"]
[PlyCount "135"]
[EventDate "2020.09.14"]
[EventType "schev"]
[EventCountry "CZE"]
[SourceTitle "playchess.com"]
[Source "ChessBase"]
[SourceQuality "1"]
[WhiteTeam "Poland"]
[BlackTeam "Czech Republic"]
[WhiteTeamCountry "POL"]
[BlackTeamCountry "CZE"]

{[%evp 24,135,58,0,35,25,39,27,27,24,66,54,50,25,37,14,9,10,43,45,55,14,42,0,0,0,7,6,59,67,306,18,5,0,0,0,6,0,6,0,0,0,0,1,61,60,60,59,76,70,70,70,70,64,64,64,64,64,64,58,58,58,70,58,58,58,51,51,51,53,85,85,85,62,85,70,85,50,85,56,58,57,58,59,59,69,74,50,50,52,57,57,58,58,57,58,58,58,59,59,59,8,66,73,85,73,73,8,8,8,8,8,8,8]} 1. e4 c5 2. Nf3 e6 3. d4 cxd4 4. Nxd4 Nf6 5. Nc3 d6 6. g4 h6 7. g5 hxg5 8. Bxg5 Nc6 9. Qd2 a6 10. O-O-O Bd7 11. h4 Qb6 12. Nb3 Qc7 13. Bg2 (13. Be2 $14) 13... O-O-O {B81: Sicilian Scheveningen: Keres Attack.} 14. Qe2 Kb8 15. f4 Be7 {White has an edge.} 16. h5 {[#]} Nh7 $146 ({Predecessor:} 16... Ng8 17. Nd4 Bf6 18. Nf3 Nge7 19. Bxf6 gxf6 20. Qd2 Rh6 21. Qxd6 Qxd6 22. Rxd6 Kc7 23. e5 Rdh8 {0-1 (48) Polgar,J (2630)-Salov,V (2710) Buenos Aires 1994}) 17. Bxe7 Nxe7 18. Qg4 Rdg8 19. Qh4 Nf6 20. Qg5 Nc6 21. Bf3 Ne8 22. Rhg1 Bc8 (22... g6 $5) 23. e5 dxe5 24. Bxc6 $1 Qxc6 25. fxe5 Qf3 (25... f6 $11 26. exf6 Nxf6) 26. h6 $14 Qf5 $2 {[#]} (26... Qh3 $14) 27. Qxf5 $2 ({Weaker is} 27. hxg7 Rxg7 28. Qxf5 exf5 $11) (27. Qe3 $1 $18) 27... exf5 $11 28. Nd5 {Black must now prevent Ne7.} Rxh6 29. Ne7 Rgh8 30. Rd8 $36 {[%mdl 2048] White is pushing.} Nc7 31. Rxc8+ Rxc8 32. Nxc8 Kxc8 33. Rxg7 {[%mdl 4096] Endgame KRN-KRN} Re6 (33... Rh1+ $11 34. Kd2 Rh2+ 35. Kc3 Nb5+ 36. Kd3 Rh3+ 37. Kc4 Rh4+ 38. Kd3 Rh3+ 39. Kc4 Rh4+ 40. Kc5 Re4) 34. Rxf7 Rxe5 35. Nd4 f4 36. Rf8+ Kd7 37. Rxf4 Ne6 38. Rf7+ (38. Nxe6 {is interesting.} Rxe6 39. b4 b5 40. Kb2 Kc6 41. Kb3) 38... Ke8 39. Nf3 Kxf7 40. Nxe5+ $14 {KN-KN} Ke7 41. Kd2 Kd6 42. Nd3 Nd4 43. c4 a5 44. Nc1 b6 45. Kc3 Ne6 46. Nb3 Kc7 47. Nd4 Nc5 48. Kd2 Nd7 49. b3 Kd6 50. Kd3 Kc5 51. Kc3 Nf6 52. Ne6+ Kd6 53. Nf4 Ne4+ 54. Kd4 Nc5 55. Nd3 {Hoping for Nxc5.} Ne6+ 56. Ke4 Ng5+ 57. Ke3 Ne6 58. a3 {[%cal Ba2a3,Ba3b4][%mdl 32]} Kc6 59. Ke4 Kd6 60. b4 axb4 61. axb4 Ng5+ 62. Ke3 ({White should try} 62. Kd4 $14) 62... Ne6 (62... b5 $1 $11) 63. Nf4 {And now Nxe6 would win.} Nd8 64. Ke4 Nc6 {[#]} 65. Nd5 ({White should play} 65. b5 $1 $16 {[%cal Rb5c6]} Ne5 66. Kd4) 65... Nxb4 $11 {The position is equal.} 66. Nxb4 Kc5 67. Nd5 {Nxb6! would kill now.} Kxc4 68. Nxb6+ {Accuracy: White = 78%, Black = 75%.} 1/2-1/2

[Event "Match Czechia vs Poland 2020"]
[Site "Zlin"]
[Date "2020.09.15"]
[Round "2.1"]
[White "Piorun, Kacper"]
[Black "Krejci, Jan"]
[Result "1/2-1/2"]
[WhiteElo "2596"]
[BlackElo "2543"]
[Annotator "TA"]
[PlyCount "43"]
[EventDate "2020.09.14"]
[EventType "schev"]
[EventCountry "CZE"]
[SourceTitle "playchess.com"]
[Source "ChessBase"]
[SourceQuality "1"]
[WhiteTeam "Poland"]
[BlackTeam "Czech Republic"]
[WhiteTeamCountry "POL"]
[BlackTeamCountry "CZE"]

{[%evp 15,43,10,39,37,39,34,36,36,43,0,0,8,7,0,13,0,0,0,0,0,0,0,0,-7,0,-13,0,-18,-4,-5]} 1. e4 e5 2. Nf3 Nf6 3. d4 Nxe4 4. Bd3 d5 5. Nxe5 Nd7 6. Nxd7 Bxd7 7. O-O Bd6 8. Qh5 O-O 9. Qxd5 {C43: Petroff Defence: 3 d4.} Bc6 10. Qh5 g6 11. Qh3 {White is slightly better.} Ng5 12. Qg4 Ne6 $1 {The position is equal.} 13. Bh6 Re8 14. Nd2 {[%cal Bb1d2,Bd2c4,Bc4e5][%mdl 32] [#]} Qf6 $146 ({Predecessor:} 14... Nxd4 15. Rad1 Bf8 16. Bxf8 Kxf8 17. c3 Ne6 18. Be4 Bxe4 19. Qxe4 b6 20. Qe5 Ng7 21. Qf4 {½-½ (21) Fernandez,J (2407)-Mackintosh,I (2394) ICCF email 2018}) 15. Rae1 Qxd4 16. Qxd4 Nxd4 17. Nc4 Bf8 18. Bxf8 {[#] aiming for Bc5.} Kxf8 19. Ne5 Rad8 20. f4 Bb5 21. c4 Bd7 22. Nxd7+ {Black took control after the opening. Accuracy: White = 91%, Black = 100%.} 1/2-1/2

[Event "Match Czechia vs Poland 2020"]
[Site "Zlin"]
[Date "2020.09.15"]
[Round "2.2"]
[White "Nasuta, Grzegorz"]
[Black "Nguyen, Thai Dai Van"]
[Result "1/2-1/2"]
[WhiteElo "2553"]
[BlackElo "2569"]
[Annotator "TA"]
[PlyCount "56"]
[EventDate "2020.09.14"]
[EventType "schev"]
[EventCountry "CZE"]
[SourceTitle "playchess.com"]
[Source "ChessBase"]
[SourceQuality "1"]
[WhiteTeam "Poland"]
[BlackTeam "Czech Republic"]
[WhiteTeamCountry "POL"]
[BlackTeamCountry "CZE"]

{[%evp 23,56,6,10,0,10,0,0,0,6,7,7,0,0,0,41,39,25,41,41,38,42,23,27,32,43,33,35,8,8,8,8,8,8,6,8]} 1. e4 c5 2. Nf3 Nc6 3. d4 cxd4 4. Nxd4 Nf6 5. Nc3 e5 6. Ndb5 d6 7. Bg5 a6 8. Na3 b5 {[%cal Bb7b5,Bb5b4][%mdl 32]} 9. Nd5 Be7 10. Bxf6 Bxf6 11. c4 b4 12. Nc2 a5 13. g3 {B33: Sicilian: Pelikan and Sveshnikov Variations.} O-O 14. h4 Be6 15. Bg2 g6 16. O-O Bg7 {[#]} 17. Qe2 $146 ({Predecessor:} 17. Qd2 h5 18. Rad1 Qb8 19. b3 Qb7 20. Kh1 a4 21. Ndxb4 axb3 22. axb3 Nxb4 23. Qxb4 Qxb4 24. Nxb4 {½-½ (30) Sanal,V (2569)-Alekseenko,K (2704) Caleta 2020}) 17... Qb8 18. b3 Bxd5 19. cxd5 Nd4 20. Nxd4 exd4 21. Rac1 Rc8 22. Rc6 Rxc6 23. dxc6 Qb6 $1 24. Rc1 Rc8 25. Qc4 (25. e5 $5 dxe5 26. h5 $11) 25... Bh6 $1 {[%cal Rh6c1] The position is equal.} 26. Rc2 {[#] aiming for e5!} d3 $1 {[%cal Rd3c2]} 27. Qxd3 {e5 is the strong threat.} Rxc6 28. Bf1 Bg7 {Accuracy: White = 92%, Black = 93%.} 1/2-1/2

[Event "Match Czechia vs Poland 2020"]
[Site "Zlin"]
[Date "2020.09.15"]
[Round "2.3"]
[White "Sadzikowski, Daniel"]
[Black "Stocek, Jiri"]
[Result "1/2-1/2"]
[WhiteElo "2527"]
[BlackElo "2595"]
[Annotator "TA"]
[PlyCount "94"]
[EventDate "2020.09.14"]
[EventType "schev"]
[EventCountry "CZE"]
[SourceTitle "playchess.com"]
[Source "ChessBase"]
[SourceQuality "1"]
[WhiteTeam "Poland"]
[BlackTeam "Czech Republic"]
[WhiteTeamCountry "POL"]
[BlackTeamCountry "CZE"]

{[%evp 10,94,26,26,22,22,33,20,29,20,25,23,22,11,20,21,49,54,46,47,41,37,45,47,53,52,52,51,72,74,68,23,33,33,45,43,39,21,18,18,41,28,22,22,22,37,47,0,3,6,7,0,0,0,0,0,0,0,0,0,0,0,0,0,0,0,0,0,0,0,0,0,0,0,0,0,0,0,0,0,0,0,0,0,0,0,0]} 1. d4 Nf6 2. c4 e6 3. Nf3 Bb4+ 4. Bd2 a5 5. a3 Bxd2+ 6. Qxd2 b6 {E11: Bogo-Indian.} 7. Nc3 Bb7 8. Qf4 d5 9. cxd5 Nxd5 10. Nxd5 Qxd5 {[#]} 11. Rc1 $146 ({Predecessor:} 11. Qe5 Qxe5 12. Nxe5 Nd7 13. Nxd7 Kxd7 14. e3 Rhc8 15. Rc1 Rab8 16. Bb5+ c6 17. Ba4 Ke7 {½-½ (17) Matsenko,S (2534)-Paichadze,L (2544) Izmir 2016}) 11... Na6 12. e3 O-O 13. Bc4 $36 {[%mdl 2048] White has some pressure.} Qd6 14. Qxd6 cxd6 15. Ke2 Rfc8 16. Bd3 Kf8 17. Nd2 ({But not} 17. Bxh7 g6 $17) 17... g6 18. h4 h5 19. f3 Ke7 20. Ne4 Nc7 21. Rc2 e5 22. Rhc1 Ne6 23. Nc3 Rd8 24. Nb5 Rab8 25. Nc7 exd4 26. Nxe6 Kxe6 27. exd4 b5 28. b4 axb4 {The position is equal.} 29. axb4 Bd5 30. Rc7 Ra8 31. Bxb5 Ra2+ 32. R1c2 Rxc2+ 33. Rxc2 $11 {[%mdl 4096] Endgame KRB-KRB} Rb8 34. Bd3 Rxb4 35. Ke3 $1 Rb3 36. Kd2 Ra3 37. Rc8 Ra2+ 38. Rc2 Ra4 39. Ke3 Ra1 40. Be4 Re1+ 41. Re2 Rh1 42. g3 Rd1 43. Bc2 Ra1 44. Kf4+ Kf6 45. Be4 Bc4 46. Rd2 d5 47. Bd3 Bxd3 {Accuracy: White = 93%, Black = 97%.} 1/2-1/2

[Event "Match Czechia vs Poland 2020"]
[Site "Zlin"]
[Date "2020.09.15"]
[Round "2.4"]
[White "Babula, Vlastimil"]
[Black "Janik, Igor"]
[Result "1-0"]
[WhiteElo "2571"]
[BlackElo "2470"]
[Annotator "TA"]
[PlyCount "153"]
[EventDate "2020.09.14"]
[EventType "schev"]
[EventCountry "CZE"]
[SourceTitle "playchess.com"]
[Source "ChessBase"]
[SourceQuality "1"]
[WhiteTeam "Czech Republic"]
[BlackTeam "Poland"]
[WhiteTeamCountry "CZE"]
[BlackTeamCountry "POL"]

{[%evp 9,153,-7,-3,-20,-14,-6,0,0,0,-6,0,-6,-4,-12,16,0,25,37,29,27,38,39,43,12,47,20,31,0,0,7,11,-32,31,20,22,33,23,14,31,19,19,19,26,28,96,114,122,127,114,86,202,187,215,195,196,166,157,162,163,168,166,159,199,149,147,159,173,172,148,169,146,151,424,428,690,690,690,689,688,688,685,625,610,512,512,512,520,512,610,520,520,520,520,520,520,520,512,512,553,512,512,512,512,512,553,553,553,553,908,553,553,553,553,553,5414,5085,29955,5408,5535,0,0,0,5106,5081,29972,29971,5447,1969,29980,29981,29981,29982,29982,29983,29983,29984,29984,29983,29983,0,29983,0,29983,29984,29989,29989]} 1. d4 Nf6 2. c4 e6 3. Nf3 d5 4. Bg5 Bb4+ 5. Nbd2 dxc4 6. e3 {D30: Queen's Gambit Declined: Systems without Nc3.} b5 7. Be2 c6 8. O-O {The position is equal.} a5 9. b3 cxb3 $1 10. Nxb3 Nbd7 11. Qc2 Qb6 {[#]} 12. Rfc1 $146 ({Predecessor:} 12. Rac1 a4 13. Nc5 Ba3 14. Nxd7 Bxd7 15. Rb1 Bc8 16. Ne5 Bb7 17. Nc4 Qd8 18. Nxa3 O-O 19. Qc5 Qb8 20. Bxf6 gxf6 21. Bf3 {1-0 (21) Suleymenov,A (2420)-Efremov,V (2165) Voronezh 2019}) 12... a4 13. Nbd2 {[%cal Bb3d2,Bd2c4,Bc4e5][%mdl 32]} Bb7 14. Rab1 Qa5 15. Qb2 {[%mdl 1024] White has compensation.} Be7 16. Nc4 a3 17. Qa1 Qd8 18. Nce5 Rc8 19. Rc2 O-O 20. Rbc1 {[%cal Re5c6]} Nb8 (20... b4 $15) 21. Nd2 $14 h6 22. Bxf6 Bxf6 23. Ne4 Be7 24. Nc5 Bxc5 25. Rxc5 Na6 26. R5c3 c5 (26... Qd6 $11) 27. dxc5 $16 Bxg2 {[%mdl 64] Decoy} 28. Kxg2 {Black must now prevent Nf3.} Qg5+ 29. Ng4 {And now f4 would win.} h5 (29... f5 $16 {was called for.}) 30. Rxa3 $18 Nc7 31. Qe5 Qg6 32. Qxh5 {[%mdl 64] Decoy} Qxh5 {[#]} 33. Nf6+ $1 {[%mdl 576] Discovered Attack} gxf6 34. Bxh5 Rfd8 35. Rc2 b4 36. Rb3 Na6 37. c6 Rd6 38. Bf3 f5 39. a3 bxa3 40. Rxa3 Nb4 $2 {[#]} (40... Nc7 $16 41. Ra7 Kg7) 41. c7 $1 {aiming for Ra8.} Nxc2 (41... Na6 $142 42. Rxa6 Rxa6) 42. Ra8 Nxe3+ {[#]} 43. Kh3 $1 ({Don't blunder} 43. fxe3 $2 Rd2+ 44. Kg3 Rxa8 $19) 43... Rxa8 44. Bxa8 Ng4 {Strongly threatening ...Rd3+.} 45. c8=Q+ Kg7 46. Qc5 Rd8 47. Bg2 Kg6 48. Kg3 Rd2 49. f4 Rd3+ 50. Kh4 Rd8 51. h3 Nf6 52. Bf3 {Hoping for Qg1+.} Rh8+ 53. Kg3 Rb8 54. Qg1 Kh7 {[#] intending ...Rg8+.} 55. Qa7 $1 Rg8+ 56. Kf2 Kg7 57. Ke2 Rc8 58. Qg1+ Kf8 59. Qd4 Kg7 60. h4 Rc2+ 61. Kd3 Ra2 62. h5 Ra3+ 63. Ke2 Ra2+ 64. Kd3 Ra3+ 65. Ke2 Ra2+ $1 66. Ke1 Ra5 67. Qg1+ Kh7 {[#]} 68. h6 $1 {[%csl Gh6][%cal Rg1g7]} Ng4 (68... Kxh6 69. Qg5+) 69. Bxg4 fxg4 {[%mdl 4096] Endgame KQ-KR} 70. Qd4 {[%csl Gh6][%cal Rd4g7]} Kxh6 71. Qf6+ Kh5 72. Qxf7+ Kh4 73. Qf6+ Kh5 74. Qf7+ Kh4 75. Qf6+ Kh5 76. Qxe6 Ra3 77. Qe5+ {Accuracy: White = 83%, Black = 59%.} 1-0